000 00392nam a2200169Ia 4500
008 230711s9999||||xx |||||||||||||| ||und||
041 _aENG
082 _a800
_bAB-W
100 _aAbdul Kalam,APJ
245 0 _aWings of fire
250 _a1st . Ed.
260 _c2002
_aNew Delhi
_bUniversity Science Press
300 _a180
650 _aLiterature
700 _aTiwari,Arun
942 _cBK
999 _c4807
_d4807